00537 2200193 4500245008600000020002200086250001100108100003000119650001500149650001600164005001900180260006100199041001400260084001000274300001900284336000900303337001000312338002100322 aKiat Bikin Infografis Keren dan Berkualitas BaikcRosarita Niken WidiastutihText a978-602-17232-5-8 aCet. 1 aRosarita Niken Widiastuti aInfografis aTips & Trik a20230616112424 aJakartabKementerian Komunikasi dan Informatika RIc2018 aIndonesia a070.4 a45 hlm. :cPDF atext aother aother (computer)